Fr. Conceicao Rodrigues College of Engineering

Adhoc mobile wireless networks:protocols and systems (Record no. 28822)

MARC details
000 -LEADER
fixed length control field 00365nam a2200157Ia 4500
082 ## - DEWEY DECIMAL CLASSIFICATION NUMBER
Classification number 3.3
Item number TOH
100 ## - MAIN ENTRY--PERSONAL NAME
Personal name Toh/C.K
245 ## - TITLE STATEMENT
Title Adhoc mobile wireless networks:protocols and systems
260 ## - PUBLICATION, DISTRIBUTION, ETC.
Name of publisher, distributor, etc. Pearson Eduation
Date of publication, distribution, etc. 2016
366 ## - TRADE AVAILABILITY INFORMATION
Publishers's discount category 25
300 ## - PHYSICAL DESCRIPTION
Extent 294
546 ## - LANGUAGE NOTE
Language note ENGLISH
-- Computers
650 ## - SUBJECT ADDED ENTRY--TOPICAL TERM
Topical term or geographic name entry element Wireless
654 ## - SUBJECT ADDED ENTRY--FACETED TOPICAL TERMS
Focus term Wireless networks
942 ## - ADDED ENTRY ELEMENTS (KOHA)
Koha item type BOOK
Holdings
Withdrawn status Lost status Damaged status Not for loan Collection Home library Current library Date acquired Source of acquisition Cost, normal purchase price Inventory number Total Checkouts Full call number Barcode Date last seen Cost, replacement price Price effective from Koha item type
        CRC Fr. Agnel's C.Rodrigues College of Engineering Fr. Agnel's C.Rodrigues College of Engineering 17/03/2023 Allied Publishers 318.75 1360 dt 29.01.2016   3.3 TOH 24023 17/03/2023 425.00   BOOK
        CRC Fr. Agnel's C.Rodrigues College of Engineering Fr. Agnel's C.Rodrigues College of Engineering 17/03/2023 Allied Publishers 318.75 1360 dt 29.01.2016   3.3 TOH 24024 17/03/2023 425.00   BOOK
        CRC Fr. Agnel's C.Rodrigues College of Engineering Fr. Agnel's C.Rodrigues College of Engineering 17/03/2023 Allied Publishers 318.75 1360 dt 29.01.2016   3.3 TOH 24025 17/03/2023 425.00   BOOK